| 000 | 00342nam a2200133 i 4500 | ||
|---|---|---|---|
| 001 | bg | ||
| 100 | 1 | _aŻUROWSKI, Adam | |
| 245 | 0 |
_aMiernictwo w budowie dróg, kolei, mostów, tuneli i lotnisk / _cAdam Żurowski. |
|
| 260 |
_aGdańsk, _c1977. |
||
| 040 | _cBPK | ||
| 041 | _apol | ||
| 942 | _cKS | ||
| 008 | s pl f |000 0 pol | ||
| 999 |
_c17324 _d17324 |
||
| 856 |
_uhttp://koha.tu.koszalin.pl/cgi-bin/koha/opac-detail.pl?biblionumber=17324 _yKatalog online BPK |
||